Shree Shikshanache Pranete - Maharshi Karve (Record no. 152663)
[ view plain ]
| 000 -LEADER | |
|---|---|
| fixed length control field | 00357nam a2200121Ia 4500 |
| 008 - FIXED-LENGTH DATA ELEMENTS--GENERAL INFORMATION | |
| fixed length control field | 230411s9999 xx 000 0 und d |
| 041 ## - LANGUAGE CODE | |
| Language code of text/sound track or separate title | eng |
| 082 ## - DEWEY DECIMAL CLASSIFICATION NUMBER | |
| Classification number | X/891/MAL/B01343 |
| 100 ## - MAIN ENTRY--PERSONAL NAME | |
| Personal name | Deshpande Malati |
| 9 (RLIN) | 176913 |
| 245 ## - TITLE STATEMENT | |
| Title | Shree Shikshanache Pranete - Maharshi Karve |
| 260 ## - PUBLICATION, DISTRIBUTION, ETC. (IMPRINT) | |
| Name of publisher, distributor, etc. | Maharshi Karve Stree Shikshan Samstha |
| Place of publication, distribution, etc. | Pune |
| Date of publication, distribution, etc. | 1997 |
| Withdrawn status | Lost status | Damaged status | Not for loan | Collection code | Home library | Current library | Date acquired | Vendor | Cost, normal purchase price | Total Checkouts | Full call number | Barcode | Date last seen | Cost, replacement price | Bill Date | Koha item type | Original Barcode |
|---|---|---|---|---|---|---|---|---|---|---|---|---|---|---|---|---|---|
| Smt. Bakul Tambat Institute of Nursing Education | Smt. Bakul Tambat Institute of Nursing Education | 07/05/2003 | Donated | 25.00 | X 891 MAL B01343 | BTIN-BK-1343 | 11/04/2023 | 25.00 | 07/05/2003 | Books | B01343 |